Event Management / (Record no. 161960)

MARC details
000 -LEADER
fixed length control field 00778cam a2200265 a 4500
008 - FIXED-LENGTH DATA ELEMENTS--GENERAL INFORMATION
fixed length control field
020 ## - INTERNATIONAL STANDARD BOOK NUMBER
International Standard Book Number 0750647965 (pbk.)
049 ## - LOCAL HOLDINGS (OCLC)
Holding library MAIN
090 ## - LOCALLY ASSIGNED LC-TYPE CALL NUMBER (OCLC); LOCAL CALL NUMBER (RLIN)
Classification number (OCLC) (R) ; Classification number, CALL (RLIN) (NR) GT3405EVE
003 - CONTROL NUMBER IDENTIFIER
control field
005 - DATE AND TIME OF LATEST TRANSACTION
control field 20230123134217.0
040 ## - CATALOGING SOURCE
Transcribing agency NUST
245 10 - TITLE STATEMENT
Title Event Management /
Statement of responsibility, etc. Glenn Bowdin
260 ## - PUBLICATION, DISTRIBUTION, ETC.
Place of publication, distribution, etc. Amsterdam ;
-- Boston :
Name of publisher, distributor, etc. Elsevier/Butterworth-Heinemann,
Date of publication, distribution, etc. 2003
300 ## - PHYSICAL DESCRIPTION
Extent xviii, 321 p. :
Other physical details ill. ;
Dimensions 25 cm.
440 #0 - SERIES STATEMENT/ADDED ENTRY--TITLE
Title Events management series.
504 ## - BIBLIOGRAPHY, ETC. NOTE
Bibliography, etc. note Includes bibliographical references.
500 ## - GENERAL NOTE
General note Includes index.
650 #0 - SUBJECT ADDED ENTRY--TOPICAL TERM
Topical term or geographic name entry element Special events
General subdivision Management.
700 1# - ADDED ENTRY--PERSONAL NAME
Personal name McDonnell, Ian
700 ## - ADDED ENTRY--PERSONAL NAME
Personal name O'toole,William
700 1# - ADDED ENTRY--PERSONAL NAME
Personal name Allen, Johnney
907 ## - LOCAL DATA ELEMENT G, LDG (RLIN)
a .b10204076
b 09-06-06
c 30-05-06
942 ## - ADDED ENTRY ELEMENTS (KOHA)
Koha item type Ordinary Loan Books
Call number prefix GT3405EVE
Holdings
Date last seen Total Checkouts Full call number Barcode Cost, replacement price Price effective from Koha item type Lost status Source of classification or shelving scheme Damaged status Not for loan Collection Withdrawn status Home library Current library Shelving location Date acquired Cost, normal purchase price
01/23/2023 21 GT3405 EVE 92004002300 80.00 01/23/2023 BOOKS   LCC     NFIC   MAIN MAIN GEN 01/23/2023 80.00